[Event "US Open-98"]
[Site "Kissimmee"]
[Date "1997.08.09"]
[Round "4"]
[White "Berry, Jim"]
[Black "Doredant, Richard"]
[Result "1-0"]
[WhiteElo "2040"]
[BlackElo "1712"]
[PlyCount "77"]
[EventDate "1997.08.08"]
[EventType "swiss"]
[EventRounds "12"]
[EventCountry "USA"]
[SourceTitle "EXT 2004"]
[Source "ChessBase"]
[SourceDate "2003.11.25"]
[SourceVersion "1"]
[SourceVersionDate "2003.11.25"]
[SourceQuality "1"]

1. e4 d5 2. d4 e6 3. Nc3 dxe4 4. Nxe4 Nf6 5. Bg5 Be7 6. Bxf6 Bxf6 7. c3 0-0 8. Qc2 Be7 9. 0-0-0 c5 10. Nf3 Qa5 11. dxc5 Qxa2 12. Bd3 f5 13. Nd6 Qa1+ 14. Qb1 Qxb1+ 15. Bxb1 Nc6 16. Ba2 Nd8 17. Rhe1 Kh8 18. Nd4 e5 19. Rxe5 Bf6 20. Re8 Rxe8 21. Nxe8 Bg5+ 22. Kc2 Bd7 23. Nd6 g6 24. Bd5 Kg7 25. Nxb7 Rc8 26. Nxd8 Rxd8 27. c6 Bc8 28. f4 Rxd5 29. fxg5 Kf7 30. c4 Rd6 31. b4 a6 32. c5 Rd5 33. Kc3 Re5 34. Rd2 Ke7 35. c7 Ke8 36. Nc6 Re3+ 37. Kc2 Bd7 38. Na7 Ba4+ 39. Kb2 1-0